00729 2200205 4500001002100000005001700021008004100038035002400079090002200103100001800125245014500143260002800288300003600316500009000352500002800442650002300470850000900493985000600502999001500508YOGYA-0209000007163820090227093550.0 ind  0010-020900000071638 a368.38bIsm SlSK aISMIYATI, Ari aSistem dan prosedur memperoleh asuransi kesehatan pada PT(persero)Asuransi kesehatan Indonesia Daerah Istimewa Yogyakartacoleh Ari ismiyati aYogyakartab[s.n]c1995 axiii, 59 [9]lembarbilusc30 cm alaporan kerja praktek fakultas ekonomi Diploma iii Universitas Gadjah Mada Yogyakarta abibiografi lembar[ 59 ] aAsuransi Kesehatan aBPAD a1 a08A0035601